000 00181 a2200085 4500
020 _a978-8957705100
100 _aLee
245 _aA-detail architecture vol-1
260 _b Archi
_c 2014
999 _c11129
_d11129